01997 2200301 4500001002100000005001500021035002000036020001800056041000800074082001000082084001400092100003000106245008500136260004200221300002600263520110100289650003801390008004101428700002901469700002701498500002601525990002401551990002401575990002401599990002401623990002401647990002401671INLIS00000000000365220221025090704 a0010-0520003652 a9788178299471 aind a327.1 a327.1 POL0 aPolitics of globalization1 aPolitics of globalization /cEdited by Samir Dasgupta and Jan Nederveen Pieterse aNew Delhi :bSage Publications,c2009 axxvi, 439 p. ;c21 cm aPolitics of Globalization presents an up-to-date perspective on the kaleidoscopic politics of globalization. The authors analyze the existing definitions of capitalism and argue that globalization and the consequent growing multi-polarity in world politics is not a crisis but a proliferation of capitalisms. This network of capitalisms becomes the framework of the politics of the new globalization. This compilation by social scientists across the globe is an empirical and theoretical exploration of the political responses to globalization. The authors examine the impacts of the decline of US domination in trade and finance and compare it to the rise of Asian economies, with special focus on China and India. The articles explore the multiple impacts of globalization: the impact of new global political relations on 21st century international division of labour, the relation between gender equality and globalization, trade union politics and globalization, ecological politics and globalization discourse, dual citizenship and global politics, and globalization of language and culture. 4aGlobalization - Political aspects221025 | | eng 0 aEdited by Samir Dasgupta0 aJan Nederveen Pieterse aIndeks : p. 435 - 439 a12835/MKRI-P/X-2009 a12834/MKRI-P/X-2009 a12834/MKRI-P/X-2009 a12835/MKRI-P/X-2009 a12835/MKRI-P/X-2009 a12834/MKRI-P/X-2009